[Event "Moscow-chT"]
[Site "Moscow"]
[Date "2018.09.20"]
[Round "1.2"]
[White "Zhukov, Anton"]
[Black "Voronkov, Denis"]
[Result "0-1"]
[WhiteElo "2161"]
[BlackElo "2180"]
[PlyCount "96"]
[EventDate "2018.09.20"]
[EventType "team-swiss"]
[EventRounds "7"]
[EventCountry "RUS"]
[SourceTitle "CBM 186 Extra"]
[Source "ChessBase"]
[SourceDate "2018.08.24"]
[SourceVersion "1"]
[SourceVersionDate "2018.08.24"]
[SourceQuality "1"]
[WhiteTeam "Perovo"]
[BlackTeam "Severo Vostok"]
[WhiteTeamCountry "RUS"]
[BlackTeamCountry "RUS"]

1. d4 e6 2. c4 Nf6 3. g3 c5 4. d5 exd5 5. cxd5 d6 6. Nc3 g6 7. Bg2 Bg7 8. Nf3 0-0 9. 0-0 a6 10. a4 Re8 11. Nd2 Nbd7 12. h3 b6 13. e4 Rb8 14. Nc4 Ne5 15. Na3 Qc7 16. f4 Ned7 17. Qd3 h6 18. Be3 Nf8 19. Bf2 Nh5 20. Rfe1 g5 21. Bf3 Nf6 22. f5 N8d7 23. Qd2 Ne5 24. Be2 Bd7 25. Kg2 c4 26. Nc2 b5 27. axb5 axb5 28. Ra7 Rb7 29. Rea1 Reb8 30. Nb4 Qc8 31. R7a6 Qc7 32. Ra7 Qd8 33. Rxb7 Rxb7 34. h4 gxh4 35. gxh4 Kh7 36. Qf4 Rb8 37. Kh3 Ra8 38. Rg1 Qa5 39. Nc2 b4 40. Qg3 Rg8 41. Ra1 Qxa1 42. Nxa1 bxc3 43. bxc3 Nxe4 44. Qf4 Nxc3 45. Bf1 Nxd5 46. Qd2 Bxf5+ 47. Kg2 Be4+ 48. Kh3 Nf3 0-1

[Event "Moscow-ch"]
[Site "Moscow"]
[Date "2017.04.01"]
[Round "1"]
[White "Voronkov, Denis"]
[Black "Denishev, Marat"]
[Result "0-1"]
[WhiteElo "2149"]
[BlackElo "2333"]
[PlyCount "108"]
[EventDate "2017.04.01"]
[EventType "swiss"]
[EventRounds "9"]
[EventCountry "RUS"]
[SourceTitle "CBM 177 Extra"]
[Source "ChessBase"]
[SourceDate "2017.04.27"]
[SourceVersion "1"]
[SourceVersionDate "2017.04.27"]
[SourceQuality "1"]

1. e4 c5 2. Nf3 d6 3. d4 cxd4 4. Nxd4 Nf6 5. Nc3 g6 6. Be3 Bg7 7. f3 0-0 8. Qd2 Nc6 9. g4 h5 10. gxh5 Nxh5 11. Be2 Nxd4 12. Bxd4 Bxd4 13. Qxd4 Be6 14. 0-0-0 Qa5 15. Kb1 Rac8 16. Nd5 Bxd5 17. exd5 Qc5 18. Qd2 Rfe8 19. Rhg1 Qf2 20. Rdf1 Qxh2 21. Re1 Qf4 22. Qxf4 Nxf4 23. Bb5 Nxd5 24. Bxe8 Rxe8 25. c4 Nf4 26. Rd1 Rc8 27. Rge1 Kf8 28. Re4 Ne6 29. Rh1 Kg7 30. b3 Rc5 31. Kb2 Rf5 32. Re3 a5 33. Rd1 Kf6 34. Rde1 Nf4 35. Rd1 Ng2 36. Rc3 Nh4 37. Rdd3 g5 38. a3 Ng6 39. b4 axb4 40. axb4 b6 41. Kb3 Nf4 42. Rd2 Re5 43. Kc2 Ke6 44. b5 f5 45. Ra3 g4 46. fxg4 fxg4 47. Rf2 Re4 48. Rg3 Kf5 49. Kb3 e5 50. Rd3 Rd4 51. Rg3 Kg5 52. Kc3 Kh4 53. Rg1 g3 54. Ra2 Kh3 0-1

[Event "Moscow RGSU op"]
[Site "Moscow"]
[Date "2016.12.15"]
[Round "2"]
[White "Mamatov, Melis"]
[Black "Voronkov, Denis"]
[Result "1-0"]
[WhiteElo "2126"]
[BlackElo "2236"]
[PlyCount "77"]
[EventDate "2016.12.13"]
[EventType "swiss"]
[EventRounds "9"]
[EventCountry "RUS"]
[SourceTitle "CBM 176 Extra"]
[Source "ChessBase"]
[SourceDate "2017.03.02"]
[SourceVersion "1"]
[SourceVersionDate "2017.03.02"]
[SourceQuality "1"]

1. e4 e6 2. f4 d5 3. e5 c5 4. Nf3 Nc6 5. d3 Nge7 6. Be3 Qb6 7. Qc1 d4 8. Bf2 Nd5 9. Be2 Qb4+ 10. c3 dxc3 11. Nxc3 Nxf4 12. 0-0 Qxc3 13. Qxf4 Qxb2 14. Rfe1 Be7 15. Rab1 Qxa2 16. Ng5 0-0 17. Bf3 Nd4 18. Be4 Ne2+ 19. Rxe2 Qxb1+ 20. Re1 Bxg5 21. Bxh7+ Kh8 22. Qxg5 Qxe1+ 23. Bxe1 Kxh7 24. Qh5+ Kg8 25. Bh4 f5 26. exf6 Rf7 27. fxg7 Kxg7 28. Qe5+ Kg6 29. g4 Bd7 30. Qh5+ Kg7 31. Bg3 Rg8 32. Qxc5 Bc6 33. Qg5+ Kh7 34. Qh4+ Kg7 35. Be5+ Kf8 36. Qd8+ Be8 37. Qd6+ Re7 38. Bf6 Rxg4+ 39. Kf2 1-0

[Event "Moscow RGSU op"]
[Site "Moscow"]
[Date "2016.12.13"]
[Round "1"]
[White "Voronkov, Denis"]
[Black "Atabayev, Maksat"]
[Result "0-1"]
[WhiteElo "2236"]
[BlackElo "2492"]
[PlyCount "80"]
[EventDate "2016.12.13"]
[EventType "swiss"]
[EventRounds "9"]
[EventCountry "RUS"]
[SourceTitle "CBM 176 Extra"]
[Source "ChessBase"]
[SourceDate "2017.03.02"]
[SourceVersion "1"]
[SourceVersionDate "2017.03.02"]
[SourceQuality "1"]

1. d4 Nf6 2. Nf3 e6 3. Bg5 c5 4. e3 b6 5. Bd3 Bb7 6. 0-0 Be7 7. Nbd2 0-0 8. c3 d6 9. Qe2 Nbd7 10. e4 h6 11. Bh4 Nh5 12. Bxe7 Qxe7 13. Qe3 e5 14. Rfe1 Nf4 15. Bf1 Ng6 16. Rad1 Nf6 17. h3 Rad8 18. g3 Qc7 19. Bg2 exd4 20. cxd4 Rfe8 21. Qd3 d5 22. e5 Ne4 23. Nh2 Nf8 24. Nxe4 dxe4 25. Qc2 Ne6 26. dxc5 Nd4 27. Qb1 Qxe5 28. cxb6 axb6 29. Ng4 Qb5 30. Ne3 f5 31. b4 Qe5 32. a4 f4 33. Qa2+ Kh8 34. Ng4 Qd6 35. Qf7 Re7 36. Qh5 fxg3 37. fxg3 Ne2+ 38. Kf2 Qxg3+ 39. Kxe2 Qxg2+ 40. Nf2 Rf8 0-1

[Event "Albena op"]
[Site "Albena"]
[Date "2009.06.20"]
[Round "1"]
[White "Kopasov, Evgeny Aleksandrovi"]
[Black "Voronkov, Denis"]
[Result "1-0"]
[WhiteElo "2075"]
[BlackElo "1983"]
[PlyCount "43"]
[EventDate "2009.06.20"]
[EventType "swiss"]
[EventRounds "9"]
[EventCountry "BUL"]
[SourceTitle "CBM 130 Extra"]
[Source "ChessBase"]
[SourceDate "2009.07.02"]
[SourceVersion "2"]
[SourceVersionDate "2009.07.15"]
[SourceQuality "1"]

1. d4 d5 2. c4 e6 3. Nc3 Nf6 4. Bg5 Nbd7 5. e3 c6 6. cxd5 cxd5 7. Bd3 Bd6 8. Nf3 0-0 9. 0-0 h6 10. Bh4 b6 11. Qe2 Be7 12. Rfc1 Nh7 13. Bg3 Ng5 14. Nxg5 Bxg5 15. Rc2 Bh4 16. e4 dxe4 17. Qxe4 g6 18. Bxh4 Qc7 19. Qe3 Bb7 20. Qxh6 Qc6 21. Ne4 f6 22. Rxc6 1-0

[Event "Moscow op"]
[Site "Moscow"]
[Date "2008.05.02"]
[Round "3"]
[White "Paravyan, David"]
[Black "Voronkov, Denis"]
[Result "0-1"]
[WhiteElo "2081"]
[BlackElo "1942"]
[PlyCount "116"]
[EventDate "2008.04.30"]
[EventType "swiss"]
[EventRounds "9"]
[EventCountry "RUS"]
[SourceTitle "CBM 124 Extra"]
[Source "ChessBase"]
[SourceDate "2008.07.03"]
[SourceVersion "1"]
[SourceVersionDate "2008.07.03"]
[SourceQuality "1"]

1. d4 e6 2. e4 d5 3. Nc3 Nf6 4. Qd3 dxe4 5. Nxe4 Nbd7 6. Nf3 Nxe4 7. Qxe4 Nf6 8. Qh4 Be7 9. Qg3 Qd5 10. Qxc7 Qe4+ 11. Be2 Nd5 12. Qc4 Nb4 13. Kd1 Bd7 14. Re1 0-0 15. Bd3 Qg4 16. Be4 Rac8 17. Qe2 f5 18. Bxb7 Rxc2 19. Qf1 Rc7 20. h3 Qh5 21. Ba6 Nc2 22. Rb1 Nxe1 23. Qxe1 Bd6 24. Bd2 f4 25. Ba5 Qf5 26. Rc1 Rxc1+ 27. Kxc1 Bc6 28. Bc4 Bd5 29. Bxd5 Qxd5 30. Kb1 Rc8 31. Bc3 Rc6 32. Ne5 Ra6 33. b3 Qxg2 34. Nf3 Qg6+ 35. Ka1 Bc7 36. Qe2 Rc6 37. Kb2 Qf5 38. Ne5 Bxe5 39. dxe5 Qxh3 40. Bd4 Qh1 41. Bc3 Qd5 42. a4 Qc5 43. Qd2 g5 44. Qd8+ Kf7 45. Qd7+ Kg6 46. Qd3+ Kh6 47. Qd2 Kh5 48. Bd4 Qd5 49. Qd3 Kg4 50. Qe2+ Qf3 51. Qxf3+ Kxf3 52. Bxa7 h5 53. b4 h4 54. b5 Rc8 55. Bc5 h3 56. b6 h2 57. Bd6 h1Q 58. Bc7 Kxf2 0-1

[Event "Moscow op-B 04th"]
[Site "Moscow"]
[Date "2008.02.05"]
[Round "4"]
[White "Cherenkov, Andrey"]
[Black "Voronkov, Denis"]
[Result "1-0"]
[WhiteElo "2242"]
[BlackElo "1996"]
[PlyCount "49"]
[EventDate "2008.02.02"]
[EventType "swiss"]
[EventRounds "9"]
[EventCountry "RUS"]
[SourceTitle "CBM 122 Extra"]
[Source "ChessBase"]
[SourceDate "2008.03.04"]
[SourceVersion "1"]
[SourceVersionDate "2008.03.04"]
[SourceQuality "1"]

1. e4 e6 2. d4 d5 3. Nc3 Nf6 4. Bg5 Be7 5. e5 Nfd7 6. h4 a6 7. Qg4 Bxg5 8. hxg5 g6 9. f4 c5 10. dxc5 Nxc5 11. Nf3 Nc6 12. 0-0-0 b5 13. Nd4 Nxd4 14. Rxd4 Qb6 15. f5 gxf5 16. Qh4 Bd7 17. g6 fxg6 18. Qf6 Rf8 19. Nxd5 Qd8 20. Qxd8+ Kxd8 21. Rxh7 exd5 22. Rxd5 Ra7 23. Rxc5 Rc7 24. Rxc7 Kxc7 25. e6 1-0

[Event "Moscow Petrosian Memorial U18"]
[Site "Moscow"]
[Date "2008.01.??"]
[Round "3"]
[White "Voronkov, Denis"]
[Black "Piskun, Alexey"]
[Result "0-1"]
[WhiteElo "1996"]
[BlackElo "2072"]
[PlyCount "114"]
[EventDate "2008.01.??"]
[EventType "swiss"]
[EventRounds "9"]
[EventCountry "RUS"]
[SourceTitle "CBM 122 Extra"]
[Source "ChessBase"]
[SourceDate "2008.03.04"]
[SourceVersion "1"]
[SourceVersionDate "2008.03.04"]
[SourceQuality "1"]

1. d4 d5 2. Nf3 Nf6 3. Bg5 Ne4 4. Bh4 c5 5. e3 Qb6 6. Qc1 Nc6 7. c3 Bf5 8. Nbd2 Rc8 9. Be2 e6 10. 0-0 Bd6 11. Nxe4 Bxe4 12. Qd2 h6 13. Bg3 Bxg3 14. fxg3 0-0 15. Kh1 Bxf3 16. Bxf3 Rcd8 17. Qe2 Rfe8 18. Bh5 Re7 19. Qf2 Rdd7 20. Bg4 Rd8 21. Bh5 Rf8 22. Bf3 cxd4 23. exd4 Qc7 24. g4 Rd7 25. Rfe1 b5 26. Qd2 Qd6 27. g5 hxg5 28. Qxg5 Qe7 29. Qh5 g6 30. Qh6 Qf6 31. Bg4 b4 32. Rf1 Qg7 33. Qg5 bxc3 34. bxc3 f5 35. Bf3 Qf6 36. Qe3 Na5 37. Rfe1 Kf7 38. Rab1 Nc4 39. Qd3 Rh8 40. Re2 g5 41. Rf1 Qh6 42. g3 Rc8 43. Rfe1 Rc6 44. Rf2 Kg7 45. Bd1 Nd6 46. Ba4 Ne4 47. Rc2 Rxc3 48. Qb5 Rf7 49. Rxc3 Nxc3 50. Qc6 Ne4 51. Kg2 f4 52. Rf1 f3+ 53. Rxf3 Rxf3 54. Kxf3 Qf6+ 55. Kg2 Qf2+ 56. Kh3 Qf1+ 57. Kg4 Qf5+ 0-1

[Event "Dubna op"]
[Site "Dubna"]
[Date "2007.08.09"]
[Round "10"]
[White "Pugachov, Vladimir"]
[Black "Voronkov, Denis"]
[Result "1/2-1/2"]
[WhiteElo "2074"]
[BlackElo "1986"]
[PlyCount "106"]
[EventDate "2007.08.02"]
[EventType "swiss"]
[EventRounds "14"]
[EventCountry "RUS"]
[SourceTitle "EXT 2008"]
[Source "ChessBase"]
[SourceDate "2007.11.25"]
[SourceVersion "1"]
[SourceVersionDate "2007.11.25"]
[SourceQuality "1"]

1. Nf3 d5 2. g3 Nf6 3. Bg2 Bg4 4. d3 e6 5. Nbd2 c5 6. h3 Bxf3 7. Nxf3 Nc6 8. c3 Be7 9. Qc2 b5 10. 0-0 0-0 11. b3 Qc7 12. Bb2 Rac8 13. Nd2 Rfd8 14. e3 Qb6 15. Rac1 d4 16. cxd4 cxd4 17. Bxc6 dxe3 18. Nf3 Nd5 19. Bd4 Qa5 20. Qe2 Ba3 21. Bb2 Bxb2 22. Qxb2 Nb4 23. Be4 Rxc1 24. Rxc1 exf2+ 25. Kh2 f5 26. a3 fxe4 27. axb4 Qb6 28. dxe4 Qe3 29. Kg2 Qxe4 30. Qxf2 Rf8 31. Rc7 Qd5 32. Qe2 Qxb3 33. Rxa7 Re8 34. Rd7 Qc4 35. Qe5 Qc2+ 36. Rd2 Qc4 37. h4 Rf8 38. Rd7 Qc2+ 39. Kh3 Qf5+ 40. Qxf5 exf5 41. Rb7 f4 42. Rxb5 h6 43. Rb7 fxg3 44. Kxg3 Kh7 45. Ng5+ hxg5 46. hxg5 Rd8 47. b5 Rd4 48. b6 Rb4 49. Kf3 Kg6 50. Ke3 Kxg5 51. Rxg7+ Kf6 52. Rh7 Ke6 53. Kd3 Kd6 1/2-1/2

[Event "Dubna op"]
[Site "Dubna"]
[Date "2007.08.07"]
[Round "6"]
[White "Samarin, Vladimir"]
[Black "Voronkov, Denis"]
[Result "0-1"]
[WhiteElo "2062"]
[BlackElo "1986"]
[PlyCount "39"]
[EventDate "2007.08.02"]
[EventType "swiss"]
[EventRounds "14"]
[EventCountry "RUS"]
[SourceTitle "EXT 2008"]
[Source "ChessBase"]
[SourceDate "2007.11.25"]
[SourceVersion "1"]
[SourceVersionDate "2007.11.25"]
[SourceQuality "1"]

1. e4 e6 2. d4 d5 3. e5 c5 4. c3 Nc6 5. Nf3 Bd7 6. a3 a5 7. Bd3 Qb6 8. Bc2 f6 9. exf6 Nxf6 10. 0-0 Bd6 11. Re1 0-0 12. Ne5 cxd4 13. Nxd7 Nxd7 14. Rxe6 d3 15. Bxd3 Qxf2+ 16. Kh1 Nc5 17. Rxd6 Nxd3 18. h3 Qg3 19. Kg1 Rae8 20. Bd2 0-1

[Event "Dubna op"]
[Site "Dubna"]
[Date "2007.08.05"]
[Round "2"]
[White "Dzhangobegov, Vladimir"]
[Black "Voronkov, Denis"]
[Result "1-0"]
[WhiteElo "2143"]
[BlackElo "1986"]
[PlyCount "63"]
[EventDate "2007.08.02"]
[EventType "swiss"]
[EventRounds "14"]
[EventCountry "RUS"]
[SourceTitle "EXT 2008"]
[Source "ChessBase"]
[SourceDate "2007.11.25"]
[SourceVersion "1"]
[SourceVersionDate "2007.11.25"]
[SourceQuality "1"]

1. e4 e6 2. d3 d5 3. Nd2 Nf6 4. Ngf3 c5 5. g3 Nc6 6. Bg2 Bd6 7. 0-0 0-0 8. Re1 Bc7 9. Qe2 e5 10. c3 Bg4 11. h3 Bxf3 12. Nxf3 dxe4 13. dxe4 Qe7 14. Nh4 g6 15. Bg5 Qe6 16. Qf3 Nh5 17. Nf5 f6 18. Bh6 Rfd8 19. Bf1 a6 20. a4 c4 21. Ne3 Na5 22. Nd5 Bd6 23. Be3 Bb8 24. Rad1 Rd6 25. Bc5 Rc6 26. Bb4 Nb3 27. Ne7+ Kf7 28. Nxc6 Qxc6 29. Qg4 Bc7 30. Qd7+ Kg8 31. Qxc6 bxc6 32. Bxc4+ 1-0